000 01170cam a2200361 a 4500
003 CHAP
005 20220817043550.0
008 990810d1995 mx r 00110 spa d
010 _a78667
011 _a79639
020 _a9706400087
035 _a90011
040 _cCHAP
082 0 4 _a382.1
_bS6
100 1 _aSolís Manjarrez, Leopoldo.
_9108445
245 1 0 _aPolíticas comerciales internacionales
_c/por Leopoldo Solís
260 _aMéxico, D.F. :
_bEl Colegio Nacional,
_c1995.
300 _a206 p.
590 _aBATCH-UPD
_b10
_c20130110
_lUCH01
_h0856
590 _aBATCH-UPD
_b10
_c20130410
_lUCH01
_h0527
590 _aBATCH-UPD
_b10
_c20130914
_lUCH01
_h1016
590 _aCONVERSION
_b10
_c20130109
_lUCH01
_h1344
650 1 4 _aComercio internacional.
_925641
650 1 4 _aGATT.
_947278
650 1 4 _aPolítica comercial.
_990470
650 1 4 _aTratado Trilateral de Libre Comercio.
650 1 4 _aUnión Europea.
_9116221
901 _aBK
905 _aBlanca M. García O.
942 _cLIBRO
949 _a382.1 S6
_bBC
_cLIBRO
_d33724000736252
_eLIBRO
_h96086
_i90011
_sb
949 _a382.1 S6
_bBC
_cLIBRO
_d33724002037545
_eLIBRO
_fc.2
_h108767
_i90011
_sb
999 _c78667
_d78667